000 00876nam a2200265 a 4500
001 BRCA_5502
005 20190320205116.0
008 030211s1939----enka######---#000-0#eng-#
041 _aeng
044 _aenk
050 4 _aND548
_b.T46 1939
100 1 _aTerrasse, Charles
_912037
245 1 0 _aFrench painting in the XXth century
_cCharles Terrasse ; edited by André Gloeckner ; translated from the French by Eveline Byam Shaw.
260 _aLondres
_bHyperion
_c1939
300 _a40 p.
_bil. (algunas a color), 111 láminas
_c31 cm.
500 _aIncluye bibliografías de pintores franceses
500 _aE177
504 _aBibliografía: p. 29-30
650 1 4 _aPintura francesa
_95229
650 1 4 _aPintura
_xHistoria
_914061
700 1 _aGloeckner, André
_eEditor
_914062
700 1 _aByam Shaw, Eveline
_eTraductora
_914063
902 _aGFM
942 _2lcc
_cB
999 _c5196
_d5196